[Event "ICU MVCC Ch (Champ)"]
[Site "Twin Falls, ID"]
[Date "2012.03.24"]
[Round "1.1"]
[White "Bartell, Fred"]
[Black "Myers, Hugh S"]
[Result "1/2-1/2"]
[WhiteElo "1777"]
[BlackElo "1621"]

1. e4 e5 2. c3 Nf6 3. d4 d6 4. Bg5 Be7 5. Nd2 O-O 6. Nc4 Nbd7 7. Nf3 Nxe4 8.
Bxe7 Qxe7 9. Qc2 d5 10. Ne3 c6 11. Bd3 exd4 12. Nxd4 Ndf6 13. O-O g6 14. Rae1
Qc7 15. c4 Qb6 16. Nb3 Be6 17. cxd5 cxd5 18. f3 d4 19. Nc4 Bxc4 20. Qxc4 Nd6
21. Qxd4 Qxd4+ 22. Nxd4 Rfe8 23. Nb5 Nxb5 24. Bxb5 Rxe1 25. Rxe1 Kf8 26. b3 a6
27. Bc4 Rd8 28. Re2 b5 29. Rc2 bxc4 30. Rxc4 Rd6 31. Ra4 Ke7 32. Kf2 Kd7 33.
Kg3 Kc6 34. h3 Kb5 35. a3 Nh5+ 36. Kh4 Rb6 37. Rb4+ Kc5 38. Rc4+ Kb5 {#d}
1/2-1/2

[Event "ICU MVCC Ch (Champ)"]
[Site "Twin Falls, ID"]
[Date "2012.03.24"]
[Round "4.1"]
[White "Imamovic, Nedzad"]
[Black "Bartell, Fred"]
[Result "1-0"]
[WhiteElo "1688"]
[BlackElo "1777"]

1. e4 c5 2. Nf3 Nc6 3. Bb5 a6 4. Bxc6 bxc6 5. c4 Bb7 6. Nc3 e6 7. d3 d5 8. Bf4
d4 9. Ne2 Bd6 10. e5 Be7 11. O-O h6 12. Nd2 Bg5 13. Ne4 Bxf4 14. Nxf4 Rb8 15.
Nxc5 Qc7 16. Qh5 Ne7 17. Nfxe6 Qb6 18. Nxg7+ Kf8 19. Nd7+ {#r} 1-0

[Event "Idaho Open (Open)"]
[Site "Pocatello, ID"]
[Date "2012.04.21"]
[Round "1.5"]
[White "Bartell, Fred"]
[Black "Black, Stephen Rex"]
[Result "1-0"]
[WhiteElo "1682"]
[BlackElo "1119"]

1. e4 d5 2. exd5 Qxd5 3. Nc3 Qd7 4. Nf3 e6 5. Bb5 Nc6 6. d4 Bd6 7. Ne4 Nge7 8.
Bg5 f6 9. Bxf6 O-O 10. Be5 Rxf3 11. Qxf3 Nxe5 12. Qb3 Bb4+ 13. Qxb4 Nd5 14.
Qb3 Nf3+ 15. gxf3 Qe7 16. O-O-O Qh4 17. Bc4 Nf4 18. Rhg1 Qh6 19. Kb1 Nh3 20.
Rge1 b6 21. d5 Bb7 22. dxe6 Kf8 23. e7+ Ke8 24. Bf7+ Kxe7 25. Nd6+ Kf8 26.
Nxb7 Rb8 27. Rd8+ Rxd8 28. Nxd8 Qc1+ 29. Kxc1 g6 30. Bxg6 Ng5 31. Re8+ Kg7 32.
Rg8+ Kh6 33. Nf7+ Nxf7 34. Bxf7 c5 35. Qe6# 1-0

[Event "Idaho Open (Open)"]
[Site "Pocatello, ID"]
[Date "2012.04.21"]
[Round "2.2"]
[White "Belanoff, Ted"]
[Black "Bartell, Fred"]
[Result "1-0"]
[WhiteElo "2139"]
[BlackElo "1682"]

1. e4 e6 2. d4 d5 3. Nc3 dxe4 4. Nxe4 Nf6 5. Bg5 Be7 6. Nxf6+ Bxf6 7. Bxf6
Qxf6 8. Nf3 O-O 9. Bd3 Nc6 10. h4 h6 11. c3 Rd8 12. Qe2 Bd7 13. Qe4 Qf5 14.
Qe3 Qf6 15. g4 g6 16. g5 hxg5 17. hxg5 Qe7 18. Ne5 Qf8 19. Ng4 Qg7 20. Nf6+
Kf8 21. Rh7 Qxh7 22. Nxh7+ Kg7 23. Qf3 Rf8 24. Qf6+ Kxh7 {#r} 1-0

[Event "Idaho Open (Open)"]
[Site "Pocatello, ID"]
[Date "2012.04.21"]
[Round "3.3"]
[White "Bartell, Fred"]
[Black "Black, Clancey George"]
[Result "1-0"]
[WhiteElo "1682"]
[BlackElo "1561"]

1. e4 c5 2. Nf3 d6 3. d4 cxd4 4. Nxd4 Nf6 5. Nc3 Nc6 6. Be3 e6 7. Be2 Be7 8.
Bf3 O-O 9. Nxc6 bxc6 10. O-O d5 11. exd5 cxd5 12. Nb5 Ba6 13. a4 Qd7 14. Be2
Bxb5 15. Bxb5 Qb7 16. b3 Ne4 17. Bd4 Bb4 18. Qg4 f5 19. Qe2 Qe7 20. Rad1 Bc3
21. Qe3 Rfc8 22. f3 Bxd4 23. Rxd4 Nd6 24. Rxd5 Rxc2 25. Re5 Kf7 26. Re1 Nxb5
27. Rxf5+ Kg6 28. Rxb5 Kf7 29. Qe4 Rac8 30. Rf5+ Ke8 31. Re5 R2c6 32. Qxh7 Rc5
33. Rxe6 a5 34. Rxe7+ Kd8 35. Qg8# 1-0

[Event "Southern Idaho Open"]
[Site "Twin Falls, ID"]
[Date "2012.11.03"]
[Round "2.4"]
[White "Bartell, Fred"]
[Black "Henderson, Michael"]
[Result "1-0"]
[WhiteElo "1675"]
[BlackElo "1856"]

1. e4 e5 2. Nf3 Nc6 3. Bc4 Nf6 4. d3 Bc5 5. Bg5 d6 6. Nc3 Na5 7. Bb5+ c6 8.
Ba4 b5 9. Bb3 Nxb3 10. axb3 O-O 11. Qd2 Re8 12. Ne2 d5 13. Bxf6 Qxf6 14. Qg5
Qxg5 15. Nxg5 f5 16. exf5 Bxf5 17. Ng3 Bg6 18. O-O h6 19. Nf3 e4 20. dxe4 dxe4
21. Nh4 Bh7 22. c3 e3 23. fxe3 Bxe3+ 24. Kh1 Rad8 25. Nf3 Re7 26. Rad1 Red7
27. Rxd7 Rxd7 28. Ne5 Rd2 29. Nxc6 Bc5 30. b4 Bd6 31. Nxa7 Bxg3 32. hxg3 Be4
33. Re1 Bxg2+ 34. Kg1 Bd5 35. Re5 Bc4 36. b3 Bxb3 37. Nxb5 Kf7 38. Rc5 Ke6 39.
Nd4+ {#r} 1-0

[Event "Southern Idaho Open"]
[Site "Twin Falls, ID"]
[Date "2012.11.03"]
[Round "4.1"]
[White "Leano, Bryan B"]
[Black "Bartell, Fred"]
[Result "1-0"]
[WhiteElo "1752"]
[BlackElo "1675"]

1. e4 c5 2. Nf3 Nc6 3. d4 cxd4 4. Nxd4 Nxd4 5. Qxd4 d6 6. Bc4 Nf6 7. e5 Qa5+
8. Bd2 Qxe5+ 9. Qxe5 dxe5 10. Bc3 e4 11. Nd2 Bf5 12. O-O-O Rd8 13. Rhe1 Bg4
14. Bxf6 Bxd1 15. Bb5+ Rd7 16. Rxd1 Kd8 17. Bxd7 gxf6 18. Nxe4 Bh6+ 19. Kb1
Kc7 20. Bh3 Rd8 21. Rxd8 Kxd8 22. Bf5 e6 23. Bxh7 f5 24. Nc3 Ke7 25. g4 fxg4
26. Be4 b6 27. Ne2 f5 28. Bb7 Bd2 29. Nd4 Be1 30. Bc8 Bxf2 31. Nxe6 Be3 32.
Ng7 Bg1 33. Nxf5+ Kf6 34. Nh6 Kg5 35. Nxg4 a5 36. c4 Kf4 37. Kc2 Ke4 38. h4
Kf4 39. Kd3 Bc5 40. h5 Kg5 41. h6 Kg6 42. Bf5+ {#r} 1-0

[Event "Idaho Closed"]
[Site "Twin Falls, ID"]
[Date "2013.02.17"]
[Round "4.2"]
[White "Bartell, Fred"]
[Black "Gorman, Cody Austin"]
[Result "1-0"]
[WhiteElo "1711"]
[BlackElo "1712"]

1. c4 Nf6 2. Nc3 g6 3. e4 d6 4. d4 Bg7 5. Bg5 O-O 6. Be2 e5 7. dxe5 dxe5 8.
Qxd8 Rxd8 9. Nd5 Nbd7 10. Nxc7 Rb8 11. Nd5 h6 12. Be3 Nxe4 13. Bxa7 Ra8 14.
Be3 Nec5 15. a3 e4 16. Rd1 Na4 17. b3 Nb2 18. Rb1 Rxa3 19. Bxh6 Rxb3 20. Bxg7
Kxg7 21. Kf1 Nc5 22. f3 Nxc4 23. Rxb3 Nd2+ 24. Kf2 Ndxb3 25. Ne3 Nc1 26. Bb5
Bd7 27. Bxd7 Rxd7 28. Nh3 N5d3+ 29. Kg3 Ne2+ 30. Kh4 exf3 31. gxf3 Rd4+ 32.
Ng4 f5 33. Rb1 fxg4 34. Rxb7+ Kh6 35. fxg4 Ne5 36. Nf2 Rf4 37. Re7 Rxf2 38.
g5# 1-0

[Event "MVCC Ch (Championship)"]
[Site "Twin Falls, Idaho"]
[Date "2013.03.23"]
[Round "1.1"]
[White "Baggett, Jeff M"]
[Black "Bartell, Fred"]
[Result "0-1"]
[WhiteElo "1636"]
[BlackElo "1772"]

1. e4 c5 2. Bc4 e6 3. c3 Nc6 4. h3 Nf6 5. d3 d5 6. exd5 exd5 7. Bb3 Bd6 8. Ne2
O-O 9. Bg5 h6 10. Bh4 Ne5 11. O-O Be7 12. Bg3 Ng6 13. f4 Bf5 14. Bh2 Qb6 15.
c4 Rad8 16. Ng3 Bc8 17. Qe2 Rfe8 18. Qf2 dxc4 19. Ba4 Bd7 20. Bxd7 Rxd7 21.
dxc4 Red8 22. b3 Nh7 23. Nc3 Bf6 24. Nge4 Bd4 {#R} 0-1

[Event "MVCC Ch (Championship)"]
[Site "Twin Falls, Idaho"]
[Date "2013.03.23"]
[Round "4.3"]
[White "Bartell, Fred"]
[Black "Rambo, Alan Gene"]
[Result "1/2-1/2"]
[WhiteElo "1772"]
[BlackElo "1715"]

1. Nf3 d5 2. b3 Bg4 3. Bb2 e6 4. Ne5 Bf5 5. e3 Nf6 6. Bd3 Bxd3 7. Nxd3 Bd6 8.
Nc3 c6 9. Ne2 Nbd7 10. Ng3 Qc7 11. a4 a5 12. Nh5 Nxh5 13. Qxh5 e5 14. Qg5 O-O
15. f4 f6 16. Qg4 Rae8 17. O-O c5 18. fxe5 Nxe5 19. Nxe5 fxe5 20. Rxf8+ Rxf8
21. Qe6+ Kh8 22. Qxd5 Qf7 23. Qxf7 Rxf7 24. g3 Kg8 25. Rf1 Rxf1+ 26. Kxf1 Kf7
27. Ke2 Ke6 28. Kd3 Kd5 29. c4+ Ke6 30. g4 h6 31. Ke4 Bc7 32. d3 b6 33. Bc3
Bd6 34. Be1 Be7 35. Bg3 {#d} 1/2-1/2

[Event "Mountain Home Open"]
[Site "Mountain Home, ID"]
[Date "2014.01.11"]
[Round "1.2"]
[White "Bartell, Fred"]
[Black "Marchant, Dena"]
[Result "1-0"]
[WhiteElo "1772"]
[BlackElo "1000"]
[EventRounds "4"]
[EventCountry "USA"]

1. c4 e5 2. Nc3 c6 3. Nf3 d6 4. d4 Nd7 5. Bg5 f6 6. Bh4 Qe7 7. Bg3 e4 8. Nd2
Nb6 9. e3 Bf5 10. Be2 O-O-O 11. b3 Qd7 12. Ndxe4 d5 13. cxd5 cxd5 14. Rc1 Ne7
15. Nb5+ {Both scoresheets indicate "N-" which implies that the Knight on b6
was touched.--Roland} {#r} 1-0

[Event "Idaho Closed"]
[Site "Twin Falls, ID"]
[Date "2014.02.16"]
[Round "4.6"]
[White "Bartell, Fred"]
[Black "Douglas, Kurt P"]
[Result "1/2-1/2"]
[WhiteElo "1700"]
[BlackElo "1668"]
[EventRounds "6"]
[EventCountry "USA"]

1. c4 e5 2. Nc3 Nf6 3. b3 Be7 4. Bb2 d6 5. Nf3 O-O 6. h3 h6 7. e3 Nc6 8. Be2
Bf5 9. d3 e4 10. dxe4 Nxe4 11. Nd5 Nf6 12. Nxe7+ Qxe7 13. O-O Rad8 14. a4 Rfe8
15. Re1 Ne5 16. Qd4 c5 17. Qc3 Ne4 18. Qc1 Nxf3+ 19. Bxf3 Ng5 20. Bd5 Be4 21.
Qc3 Qf8 22. Rad1 Bxd5 23. Rxd5 Re6 24. Qd3 Rg6 25. e4 Ne6 26. Qe3 Qe7 27. f4
Qh4 28. Rf1 Rg3 29. Rf3 Rxf3 30. Qxf3 Qxf4 {#d} 1/2-1/2

[Event "Idaho Closed"]
[Site "Twin Falls, ID"]
[Date "2014.02.17"]
[Round "6.4"]
[White "Bartell, Fred"]
[Black "Knoll, Lucas"]
[Result "1/2-1/2"]
[WhiteElo "1700"]
[BlackElo "1203"]
[EventRounds "6"]
[EventCountry "USA"]

1. c4 e5 2. Nc3 Nf6 3. b3 d6 4. Bb2 Nc6 5. g3 Bd7 6. Bg2 Be7 7. e3 O-O 8. Nge2
Nh5 9. Nd5 Be6 10. Nec3 Nf6 11. Nxe7+ Qxe7 12. Nd5 Bxd5 13. Bxd5 Nxd5 14. cxd5
Nb4 15. O-O Nxd5 16. f4 e4 17. Rc1 Nb4 18. Ra1 Nd3 19. Bc3 b5 20. Ba5 b4 21.
a3 c5 22. axb4 cxb4 23. Ra2 Rab8 24. Rc2 Rfc8 25. Rxc8+ Rxc8 26. Qg4 Rc5 27.
Ra1 h5 28. Qh3 Qf6 29. Qf1 Qxa1 30. Qxa1 Rc1+ 31. Qxc1 Nxc1 32. Bxb4 Nxb3 33.
Kf1 Nxd2+ {#d} 1/2-1/2

[Event "MVCC (Championship)"]
[Site "Twin Falls, ID"]
[Date "2014.03.22"]
[Round "1.1"]
[White "Bartell, Fred"]
[Black "Vereshchagin, Aleksandr"]
[Result "1-0"]
[WhiteElo "1762"]
[BlackElo "1426"]
[EventRounds "4"]
[EventCountry "USA"]

1. f4 d5 2. Nf3 Nf6 3. b4 Nc6 4. b5 Na5 5. e3 b6 6. Bb2 h6 7. Be2 Bg4 8. O-O
e6 9. d3 Bc5 10. Bd4 Bxd4 11. Nxd4 Bxe2 12. Qxe2 Qd7 13. Nd2 Nb7 14. f5 Nd8
15. fxe6 fxe6 16. N2f3 Nf7 17. Nh4 Ng5 18. Ng6 Rg8 19. Nc6 Kf7 20. Nge5+ {#r}
1-0

[Event "Southern Idaho Open"]
[Site "Twin Falls, ID"]
[Date "2014.11.08"]
[Round "4.3"]
[White "Bartell, Fred"]
[Black "Buus, Jarod N"]
[Result "0-1"]
[WhiteElo "1679"]
[BlackElo "1633"]
[EventRounds "4"]
[EventCountry "USA"]

1. c4 c5 2. b3 Nf6 3. Bb2 Nc6 4. Nc3 e6 5. Nf3 d5 6. e3 Bd6 7. cxd5 exd5 8.
Rc1 O-O 9. Nb5 Be7 10. Be2 a6 11. Nc3 d4 12. exd4 cxd4 13. Na4 d3 14. Bf1 Nb4
15. Nd4 b5 16. Nc5 Bxc5 17. Rxc5 Qe7+ 18. Be2 dxe2 19. Qc1 Nd3# 0-1

[Event "Idaho Closed"]
[Site "Twin Falls, ID"]
[Date "2015.02.15"]
[Round "3.5"]
[White "Landon, Lloyd"]
[Black "Bartell, Fred"]
[Result "0-1"]
[WhiteElo "1923"]
[BlackElo "1609"]
[EventRounds "6"]
[EventCountry "USA"]

1. d4 e6 2. e4 d5 3. Nc3 Nc6 4. Nf3 Bb4 5. e5 Nge7 6. Be3 Bd7 7. Qd2 Nf5 8. g4
Nxe3 9. Qxe3 Ne7 10. O-O-O Rc8 11. Nb1 c5 12. c3 cxd4 13. Nxd4 Bc5 14. Qe1 Qb6
15. Nc2 Bxf2 16. Qe2 Ng6 17. Nd2 Bh4 18. Nf3 Be7 19. Qd2 Qa5 20. Kb1 Qc7 21.
Re1 a5 22. Bd3 Nh4 23. Nfd4 h6 24. Rhf1 O-O 25. Nf3 Nxf3 26. Rxf3 Bh4 27. Re2
Qc5 28. Nd4 Qe7 29. Rf1 Qg5 30. Qxg5 Bxg5 31. Nf3 Be7 32. h4 Rc5 33. g5 h5 34.
Nd4 b5 35. Nb3 Rc7 36. Nxa5 b4 37. cxb4 Bxb4 38. Nb3 Ra8 39. a3 Be7 40. Na1
Rb7 41. Kc1 Ba4 42. Ref2 Be8 43. Rf4 Ra5 44. Nc2 Rc7 45. Kb1 Rb7 46. b4 Ra4
47. Kb2 g6 48. R1f3 Bd8 49. Re3 Bb6 50. Ref3 Bg1 51. Rh3 Raa7 52. Rh1 Bb6 53.
Nd4 Bc7 54. Re1 Bb8 55. Rf3 Ra4 56. Bf1 Ba7 57. Nc2 Rc7 58. Rc3 Rxc3 59. Kxc3
Bf2 60. Re2 Bxh4 61. Rg2 Ra7 62. b5 Ra4 63. b6 Bc6 64. Bb5 d4+ 65. Kb3 Rxa3+
66. Nxa3 Bxg2 67. Ba6 Bd5+ 68. Kc2 Be4+ 69. Kd1 Bxg5 70. b7 Bxb7 71. Bxb7 Bf4
72. Nc4 g5 73. Ke2 Kg7 74. Kf3 f5 {#R} 0-1

[Event "ICA Spring Open"]
[Site "Pocatello, ID"]
[Date "2015.04.18"]
[Round "1.4"]
[White "Nathan, Oliver Eli"]
[Black "Bartell, Fred"]
[Result "0-1"]
[WhiteElo "407"]
[BlackElo "1604"]
[EventRounds "4"]
[EventCountry "USA"]

1. e4 c5 2. Nc3 Nc6 3. Bb5 e6 4. Bxc6 bxc6 5. Nf3 d5 6. exd5 cxd5 7. O-O Nf6
8. d3 Bd6 9. Nb5 Be7 10. d4 O-O 11. dxc5 Bxc5 12. Bg5 Ba6 13. Bxf6 Qxf6 14.
Nc7 Bxf1 15. Nxa8 Bxg2 16. Kxg2 Rxa8 17. Qe2 Qxb2 18. Qd1 Qb6 19. Ne5 Rd8 20.
Qf3 Qc7 21. Rb1 Bd6 22. Nxf7 Qxf7 23. Qxf7+ Kxf7 24. Rb7+ Kf6 25. Rxa7 Rc8 26.
Ra6 Be5 {#R} 0-1

[Event "ICA Spring Open"]
[Site "Pocatello, ID"]
[Date "2015.04.18"]
[Round "2.1"]
[White "Buus, Jarod N"]
[Black "Bartell, Fred"]
[Result "1-0"]
[WhiteElo "1669"]
[BlackElo "1604"]
[EventRounds "4"]
[EventCountry "USA"]

1. e4 c5 2. Nf3 Nc6 3. d4 cxd4 4. Nxd4 Nf6 5. Nc3 Qb6 6. Nb3 e5 7. Be3 Qd8 8.
Be2 Bb4 9. f3 d5 10. exd5 Nxd5 11. Bd2 Nxc3 12. bxc3 Bd6 13. O-O O-O 14. f4
Qh4 15. Be1 Qe7 16. f5 Rd8 17. Qc1 f6 18. Bc4+ Kf8 19. Qe3 Bd7 20. Qh3 h6 21.
Bd2 Bc5+ 22. Kh1 Bd6 23. Bxh6 gxh6 {Both score sheets stopped recording here.
Yet the position is in Black's favor, so it appears there is more of this game
that was not recorded.--Jeffrey Roland} {#r} 1-0

[Event "ICA Spring Open"]
[Site "Pocatello, ID"]
[Date "2015.04.18"]
[Round "3.3"]
[White "Bartell, Fred"]
[Black "Handoko, Richard Timothy"]
[Result "1-0"]
[WhiteElo "1604"]
[BlackElo "1446"]
[EventRounds "4"]
[EventCountry "USA"]

1. c4 Nf6 2. Nc3 g6 3. e4 d6 4. d4 Bg7 5. Nf3 O-O 6. Be2 Kh8 7. Bg5 c5 8. Qd2
cxd4 9. Nxd4 Nc6 10. Nxc6 bxc6 11. Rd1 Nd7 12. Bh6 Qc7 13. h4 Ne5 14. Bxg7+
Kxg7 15. h5 Rh8 16. Qd4 c5 17. Qd2 Be6 18. b3 Nc6 19. h6+ Kf8 20. Nd5 Qb7 21.
O-O Ke8 22. Qg5 Kd7 23. f4 f6 24. Qg3 Raf8 25. Rd2 Rhg8 26. Rfd1 g5 27. f5 Bf7
28. Nxf6+ exf6 29. Rxd6+ Kc8 30. Rxf6 Nd4 31. Bf3 Qe7 32. Ra6 Kb7 33. Ra5 g4
34. Rxd4 gxf3 35. Rb5+ Kc6 36. Qxf3 cxd4 37. e5+ Kd7 38. Rb7+ Kd8 39. Rb8+ Kd7
40. Qb7# 1-0

[Event "BCC #8"]
[Site "Boise, ID"]
[Date "2015.07.25"]
[Round "2.4"]
[White "Bartell, Fred"]
[Black "Zaklan, David"]
[Result "1-0"]
[WhiteElo "1604"]
[BlackElo "1476"]
[EventRounds "4"]
[EventCountry "USA"]

1. Nf3 c6 2. e4 d5 3. exd5 cxd5 4. d4 Nf6 5. Nc3 Bf5 6. Bb5+ Nbd7 7. O-O a6 8.
Ba4 b5 9. Bb3 e6 10. Bg5 h6 11. Bh4 Be7 12. Re1 O-O 13. Qd2 Rc8 14. Bg3 Ng4
15. h3 Ngf6 16. a3 Qb6 17. Rad1 a5 18. a4 bxa4 19. Nxa4 Qc7 20. Bxc7 Rxc7 21.
Qxa5 Rfc8 22. c3 Rb7 23. Nd2 Rcb8 24. Ra1 Rb5 25. Qc7 R5b7 26. Qf4 Nh5 27. Qh2
Bh7 28. Bxd5 Ndf6 29. Bxb7 Rxb7 30. b4 Nd7 31. Nc5 Nxc5 32. dxc5 Nf6 33. c6
Rb5 34. c7 Nd5 35. c8=Q+ Bf8 36. c4 Ne7 37. Qxf8+ Kxf8 38. Ra8+ Nc8 39. cxb5
Ke7 40. Rxc8 Kf6 41. Qf4+ Kg6 42. Nf3 f6 43. Qg4+ Kf7 44. Rc7+ Ke8 45. Qxe6+
{#r} 1-0

[Event "BCC #8"]
[Site "Boise, ID"]
[Date "2015.07.25"]
[Round "3.3"]
[White "Siek, Justin"]
[Black "Bartell, Fred"]
[Result "0-1"]
[WhiteElo "1172"]
[BlackElo "1604"]
[EventRounds "4"]
[EventCountry "USA"]

1. e4 c5 2. Nf3 Nc6 3. d4 cxd4 4. Nxd4 Nf6 5. Nc3 e5 6. Nb3 Bb4 7. Bd3 O-O 8.
Bd2 Re8 9. O-O h6 10. a3 Bxc3 11. Bxc3 d5 12. exd5 Nxd5 13. Qd2 Bg4 14. Rfe1
Rc8 15. Re4 f5 16. Ree1 Nxc3 17. Qxc3 Qg5 18. Bc4+ Kh8 19. Qg3 f4 20. Qc3 e4
21. g3 fxg3 22. Qxg3 Ne5 23. Be2 Rxc2 24. Bxg4 Nxg4 25. h3 Nxf2 26. Qxg5 Nxh3+
27. Kf1 Rf2# 0-1

[Event "BCC #8"]
[Site "Boise, ID"]
[Date "2015.07.25"]
[Round "4.3"]
[White "Inman, James"]
[Black "Bartell, Fred"]
[Result "1-0"]
[WhiteElo "1799"]
[BlackElo "1604"]
[EventRounds "4"]
[EventCountry "USA"]

1. d4 Nf6 2. c4 d5 3. cxd5 Nxd5 4. Nf3 Nc6 5. e4 Nb6 6. d5 Nb8 7. Nc3 e6 8.
Bb5+ Bd7 9. dxe6 fxe6 10. O-O c6 11. Be2 Be7 12. Qb3 Qc7 13. Be3 Na6 14. Bxa6
bxa6 15. Ng5 Bxg5 16. Bxg5 Qe5 17. Bh4 Rb8 18. Bg3 {#r} 1-0

[Event "SIO (Open)"]
[Site "Twin Falls, ID"]
[Date "2015.11.14"]
[Round "1.3"]
[White "Inman, James"]
[Black "Bartell, Fred"]
[Result "0-1"]
[WhiteElo "1783"]
[BlackElo "1603"]
[EventRounds "4"]
[EventCountry "USA"]

1. d4 d5 2. c4 Nf6 3. cxd5 Nxd5 4. Nf3 Nc6 5. e4 Nf6 6. Nc3 Bg4 7. d5 Ne5 8.
Be2 Nxf3+ 9. Bxf3 Bxf3 10. Qxf3 g6 11. e5 Nh5 12. g4 Ng7 13. O-O Qc8 14. Ne4
h5 15. g5 Qf5 16. Qxf5 Nxf5 17. Nc5 b6 18. Na6 O-O-O 19. Rd1 e6 20. Bf4 Kb7
21. Nxc7 Kxc7 22. Rac1+ Kb7 23. d6 Rd7 24. Rc4 Bg7 25. Rdc1 Rhd8 26. R1c3 Nh4
27. Bg3 Nf5 28. Bf4 Nh4 29. Rc7+ Kb8 30. R7c4 Nf5 31. Bc1 Bxe5 32. Ra3 Bxd6
{#R} 0-1

[Event "SIO (Open)"]
[Site "Twin Falls, ID"]
[Date "2015.11.14"]
[Round "3.3"]
[White "Bartell, Fred"]
[Black "Morrow, Hans M"]
[Result "0-1"]
[WhiteElo "1603"]
[BlackElo "1900"]
[EventRounds "4"]
[EventCountry "USA"]

1. c4 e5 2. Nc3 Nf6 3. b3 c6 4. e4 d6 5. Nf3 Be7 6. Bb2 Nbd7 7. d4 exd4 8.
Nxd4 Nc5 9. Qc2 Qc7 10. b4 Ne6 11. Nf5 g6 12. Nxe7 Qxe7 13. Rd1 O-O 14. Be2
Nh5 15. Bxh5 gxh5 16. Qd3 Rd8 17. O-O f6 18. Ne2 Ng5 19. Ng3 Qf7 20. Qd4 Be6
21. Qxf6 Qxf6 22. Bxf6 Nf7 23. Bxd8 Rxd8 24. Rc1 h4 25. Nh5 Ne5 26. f4 Nxc4
27. f5 Bf7 28. Nf4 b5 29. Rf2 Kf8 30. g4 hxg3 31. hxg3 Ke7 32. Rh2 Bg8 33. Ne6
Bxe6 34. Rxh7+ Bf7 35. Kf2 Ne5 36. a3 Nd3+ {#R} 0-1

[Event "SIO (Open)"]
[Site "Twin Falls, ID"]
[Date "2015.11.14"]
[Round "4.4"]
[White "Bartell, Fred"]
[Black "Barney, Kim"]
[Result "1-0"]
[WhiteElo "1603"]
[BlackElo "1640"]
[EventRounds "4"]
[EventCountry "USA"]

1. c4 Nf6 2. Nc3 e5 3. e4 c6 4. Nf3 Qc7 5. d4 Bb4 6. Bd3 exd4 7. Nxd4 O-O 8.
O-O Bxc3 9. bxc3 d6 10. Ba3 a6 11. e5 Ne8 12. exd6 Nxd6 13. Qh5 g6 14. Qe5 Rd8
15. Qg3 Ne8 16. Rae1 Qxg3 17. fxg3 Nd7 18. Be7 {#r} 1-0

[Event "Idaho Closed"]
[Site "Twin Falls, ID"]
[Date "2016.02.15"]
[Round "6.9"]
[White "Bartell, Fred"]
[Black "Nyblade III, Wesley"]
[Result "1/2-1/2"]
[WhiteElo "1660"]
[BlackElo "1217"]
[EventRounds "6"]
[EventCountry "USA"]

1. c4 d6 2. Nc3 Nd7 3. d4 g6 4. Nf3 Bg7 5. Bg5 Ngf6 6. e3 O-O 7. Be2 b6 8. Rc1
Bb7 9. O-O c5 10. d5 Re8 11. Qd2 Qc8 12. Bf4 Rb8 13. h3 a6 14. b3 Qd8 15. a4
Ra8 16. Bd3 Nf8 17. Rfe1 e6 18. e4 e5 19. Bg5 N8d7 20. Nh2 Rf8 21. Ng4 Qc7 22.
Nh6+ Kh8 23. Nd1 Ng8 24. Nxg8 Kxg8 25. Rc3 Nf6 26. Bc2 Bc8 27. Rf3 Ne8 28. Rg3
Qd7 29. h4 h5 30. Rf3 Rb8 31. Nc3 Kh7 {#d} 1/2-1/2